00578nam a2200193Ia 450000500170000000800410001702000180005804000180007604100080009408200230010210000240012524500780014925000080022726000410023530000220027665000300029865000260032865000300035420220614111615.0210716s2006 xx 000 0 und d a9780761935285 cAIMIT LIBRARY aeng a658.3124 21bGUPS aGuptan, Sunil Unny. aMentoring : bpractitioners guide to touch lives /cBy Sunil Unny Guptan. a1st aNew Delhi :bResponse Books ,c2006. a212p. ;c19.5 cm. aWho should read this book aThe mentoring process aExpectations in mentoring